000 01952nam0a22003731 4500
001 v19\rc\1523104
005 20260405131830.0
035 _a(NLR Aleph) 004644940
090 _a3344730
_c3344730
100 _a20060620e18861886|||y0rusy50 ca
101 0 _arus
102 _aRU
105 _ay z |||c|
200 1 _aКавказ и его военачальники Н.Н. Муравьев, кн. А.И. Барятинский и гр. Н.И. Евдокимов. 1854-1864 гг.
_eОчерк ген. Кравцова
210 _a[Санкт-Петербург]
_cтип. В.С. Балашева
_dценз. 1886
215 _a73 с.
_d24
300 _aВ конце текста авт.: Иван Сем. Кравцов
311 _aОтт. из журн. "Рус. старина". 1886 г., кн. 6 и 7
488 0 _12001#$aРусская старина$v1886, кн. 6, 7
_tРусская старина
532 1 0 _aКавказ и его военачальники Николай Николаевич Муравьев, князь А.И. Барятинский и гр. Н.И. Евдокимов. 1854-1864 гг.
700 1 _7ca
_8rus
_aКравцов
_bИ. С.
_f1815-1889
_gИван Семенович
_935709
_3RU\NLR\AUTH\7752776
702 1 _4570
_7ca
_8rus
_aМуравьев
_bН. Н.
_cвоен. и гос. деятель
_f1794-1866
_gНиколай Николаевич
_935688
_3RU\NLR\AUTH\7752755
702 1 _4570
_7ca
_8rus
_aБарятинский
_bА. И.
_f1815-1879
_gАлександр Иванович
_935698
_3RU\NLR\AUTH\7752765
702 1 _4570
_7ca
_8rus
_aЕвдокимов
_bН. И.
_f1804-1873
_gНиколай Иванович
_935706
_3RU\NLR\AUTH\7752773
801 0 _aRU
_bNLR
_gpsbo
801 0 _aRU
_bRuMoRGB
_2psbo
801 1 _aRU
_bProSoft-M
_2rusmarc
852 _aNLR
_j18.216.6.410
899 _aRuMoRGB
_jU 435/96
899 _aRuMoRGB
_jΔ 448/281
899 _aБАН
942 _cBOOK
980 _aNB